[Event "Portuguese Masters"]
[Site "Aveiro"]
[Date "2023.12.21"]
[Round "7"]
[White "Fidalgo, Andre Neves"]
[Black "Ribeiro, Gustavo"]
[Result "1-0"]
[WhiteElo "2245"]
[BlackElo "2187"]
[PlyCount "55"]
[EventDate "2023.12.16"]
[EventType "tourn"]
[EventRounds "9"]
[EventCountry "POR"]
[SourceTitle "CB52_2023"]
[SourceDate "2023.12.27"]
[SourceVersion "1"]
[SourceVersionDate "2023.12.27"]
[SourceQuality "1"]

1. d4 d5 2. c4 dxc4 3. e3 c5 4. Bxc4 e6 5. Nf3 Nf6 6. 0-0 cxd4 7. exd4 Be7 8. Nc3 0-0 9. Re1 Nbd7 10. Bb3 Nb6 11. Ne5 Bd7 12. Re3 Bc6 13. Rg3 Be4 14. Nxe4 Nxe4 15. Rh3 Nf6 16. Qd3 Nbd5 17. a3 g6 18. Bh6 Re8 19. Qf3 Qb6 20. Rd1 Rac8 21. g4 Nc3 22. bxc3 Qxb3 23. Re1 Qxa3 24. g5 Rxc3 25. Qxc3 Qxc3 26. Rxc3 Nd5 27. Rf3 Bb4 28. Rxf7 1-0

[Event "Portuguese Masters"]
[Site "Aveiro"]
[Date "2023.12.21"]
[Round "8"]
[White "Veiga, Jose Francisco RP"]
[Black "Fidalgo, Andre Neves"]
[Result "1-0"]
[WhiteElo "2357"]
[BlackElo "2245"]
[PlyCount "137"]
[EventDate "2023.12.16"]
[EventType "tourn"]
[EventRounds "9"]
[EventCountry "POR"]
[SourceTitle "CB52_2023"]
[SourceDate "2023.12.27"]
[SourceVersion "1"]
[SourceVersionDate "2023.12.27"]
[SourceQuality "1"]

1. e4 e5 2. Nf3 Nc6 3. Bc4 Nf6 4. d3 h6 5. 0-0 d6 6. a4 g5 7. Nc3 Bg7 8. a5 a6 9. Re1 0-0 10. Nd2 Ne7 11. Nf1 c6 12. Ng3 d5 13. Bb3 Qd6 14. d4 dxe4 15. dxe5 Qxd1 16. Nxd1 Ng4 17. e6 f5 18. f3 exf3 19. gxf3 Ne5 20. Kg2 N5g6 21. Nh5 Nh4+ 22. Kf2 Bh8 23. Be3 f4 24. Bc5 Nhf5 25. c3 Re8 26. Ra4 Nd5 27. Rae4 Kh7 28. Bc2 Kg6 29. R4e2 Nc7 30. Bb6 Nxe6 31. Kg2 Rf8 32. Bb3 Kxh5 33. Bxe6 Bxe6 34. Rxe6 Rf6 35. Re8 Rxe8 36. Rxe8 Bg7 37. Kf1 Rd6 38. Ke2 Rd7 39. Nf2 Nd6 40. Re6 Nc4 41. Ng4 Rd2+ 42. Ke1 Rd6 43. Re7 Kg6 44. Rxb7 Nxb2 45. Nf2 Bxc3+ 46. Kf1 Nc4 47. Ne4 Nd2+ 48. Nxd2 Rxd2 49. Rc7 Rd6 50. Ra7 Rd1+ 51. Kg2 Rd2+ 52. Kg1 Kf5 53. h3 Ra2 54. Rxa6 h5 55. Ra8 g4 56. hxg4+ hxg4 57. a6 Ra1+ 58. Kg2 Ra2+ 59. Kf1 gxf3 60. a7 Ra1+ 61. Kf2 Bf6 62. Rf8 Ke4 63. Re8+ Be5 64. a8Q Rxa8 65. Rxa8 Bd4+ 66. Bxd4 Kxd4 67. Kxf3 c5 68. Kxf4 c4 69. Rd8+ 1-0

[Event "POR-ch"]
[Site "Viana do Castelo"]
[Date "2023.09.08"]
[Round "7"]
[White "Santos, Antonio Pereira"]
[Black "Fidalgo, Andre Neves"]
[Result "0-1"]
[WhiteElo "2219"]
[BlackElo "2229"]
[PlyCount "110"]
[EventDate "2023.09.03"]
[EventType "tourn"]
[EventRounds "9"]
[EventCountry "POR"]
[EventCategory "3"]
[SourceTitle "EXT 2024"]
[Source "ChessBase"]
[SourceDate "2023.10.10"]
[SourceVersion "1"]
[SourceVersionDate "2023.10.10"]
[SourceQuality "1"]

1. d4 d5 2. c4 c6 3. Nf3 Nf6 4. Nc3 e6 5. g3 dxc4 6. Bg2 b5 7. 0-0 Bb7 8. Ne5 Nd5 9. e4 Nxc3 10. bxc3 Nd7 11. f4 Be7 12. Qg4 0-0 13. f5 exf5 14. Qxf5 Nxe5 15. Qxe5 c5 16. Be3 cxd4 17. cxd4 Bf6 18. Qc5 a6 19. Rxf6 gxf6 20. Qh5 Re8 21. d5 Re5 22. Qg4+ Kh8 23. Bh6 Qb6+ 24. Kh1 Rg8 25. Qd7 Bc8 26. Qxf7 Qd8 27. Bf4 Qe7 28. Qxe7 Rxe7 29. d6 Ree8 30. Rd1 Bd7 31. Bd2 Kg7 32. Bc3 Rgf8 33. Kg1 Rf7 34. Kf2 Kg6 35. Ke3 Bc6 36. g4 Re6 37. Kf4 Rd7 38. Bb4 a5 39. Bc5 Re5 40. Bb6 b4 41. h4 h6 42. g5 Rb5 43. Bc7 hxg5+ 44. hxg5 fxg5+ 45. Ke3 g4 46. Kd4 b3 47. Kxc4 bxa2 48. Ra1 Rb2 49. Kc5 Bb7 50. Bh1 Rb1 51. Rxa2 Rxh1 52. e5 Kf5 53. Rb2 Bf3 54. Rb8 Rc1+ 55. Kd4 Rcxc7 0-1

[Event "Portuguese Masters"]
[Site "Lisbon"]
[Date "2022.12.18"]
[Round "4"]
[White "Goncalves, Samuel Jesus P"]
[Black "Fidalgo, Andre Neves"]
[Result "1/2-1/2"]
[WhiteElo "2105"]
[BlackElo "2220"]
[PlyCount "120"]
[EventDate "2022.12.16"]
[EventType "tourn"]
[EventRounds "9"]
[EventCountry "POR"]
[SourceTitle "CBM 211 Extra"]
[Source "ChessBase"]
[SourceDate "2023.01.31"]
[SourceVersion "1"]
[SourceVersionDate "2023.01.31"]
[SourceQuality "1"]

1. d4 Nf6 2. c4 e6 3. g3 d5 4. Bg2 dxc4 5. Nf3 c5 6. 0-0 Nc6 7. dxc5 Qxd1 8. Rxd1 Bxc5 9. Nbd2 c3 10. bxc3 0-0 11. Nb3 Be7 12. Nbd4 Bd7 13. Rb1 b6 14. Nb5 a6 15. Nfd4 axb5 16. Nxc6 Bxc6 17. Bxc6 Rxa2 18. Rd2 Rxd2 19. Bxd2 Rc8 20. Bf3 Nd5 21. Rxb5 Nxc3 22. Rxb6 Bf6 23. Be3 h6 24. Rc6 Nxe2+ 25. Kf1 Rxc6 26. Bxc6 Nc3 27. Bc5 Bd8 28. Bb4 Nd5 29. Bc5 f5 30. Ke2 Kf7 31. f3 Bc7 32. Bf2 Bd6 33. Be1 Bc5 34. Bd2 Bg1 35. h3 Bc5 36. f4 Kf6 37. g4 g6 38. Kf3 Bd4 39. Bb5 Ke7 40. Ba4 Nf6 41. Bc2 h5 42. Bb4+ Ke8 43. gxf5 gxf5 44. Be1 Nd5 45. Bd2 Bf6 46. Ba4+ Ke7 47. Bb5 Bc3 48. Be3 Nf6 49. Bd3 Kd6 50. Bc2 Bb2 51. Bb1 Nd5 52. Bc2 Bc3 53. Ba4 Bb2 54. Bb5 Bg7 55. Ba4 Bh6 56. Bd2 Kc5 57. Bd7 e5 58. Be3+ Nxe3 59. Kxe3 Bxf4+ 60. Ke2 Bg5 1/2-1/2

[Event "POR-ch"]
[Site "Leiria"]
[Date "2022.09.17"]
[Round "7"]
[White "Rego, Pedro Filipe"]
[Black "Fidalgo, Andre Neves"]
[Result "1-0"]
[WhiteElo "2273"]
[BlackElo "2258"]
[PlyCount "107"]
[EventDate "2022.09.12"]
[EventType "tourn"]
[EventRounds "9"]
[EventCountry "POR"]
[EventCategory "4"]
[SourceTitle "CBM 210 Extra"]
[Source "ChessBase"]
[SourceDate "2022.11.30"]
[SourceVersion "1"]
[SourceVersionDate "2022.11.30"]
[SourceQuality "1"]

1. e4 e5 2. Nf3 Nc6 3. Bc4 Bc5 4. c3 Nf6 5. d3 0-0 6. 0-0 d5 7. exd5 Nxd5 8. Re1 Bg4 9. Nbd2 Nb6 10. h3 Bh5 11. Bb3 Qxd3 12. Nxe5 Qf5 13. Nef3 Rad8 14. Qe2 Bd6 15. Qf1 Qc8 16. a4 a5 17. Qb5 Bg6 18. Ne4 Rfe8 19. Nxd6 Rxe1+ 20. Nxe1 Rxd6 21. Be3 Qd8 22. Nf3 Bd3 23. Qh5 Bg6 24. Qb5 Bd3 25. Qh5 Bg6 26. Qg4 Nd5 27. Bc5 Nf6 28. Qc4 Rd7 29. Re1 h6 30. Qb5 Ne4 31. Ba3 Nd6 32. Bxd6 cxd6 33. Bd5 Na7 34. Qb3 Nc6 35. Qb5 Na7 36. Qc4 Nc8 37. Qb3 Nb6 38. Be4 Bxe4 39. Rxe4 d5 40. Rd4 Nc4 41. Qb5 f6 42. Nh4 Ne5 43. Nf5 Nc6 44. Rd1 Kh8 45. Qd3 Ne5 46. Qb5 Nc6 47. Nd4 Qc7 48. Ne2 Qe5 49. Nd4 Qc7 50. g3 Rd6 51. Nf5 Na7 52. Qe8+ Kh7 53. Nxd6 Qxd6 54. c4 1-0

[Event "POR-ch"]
[Site "Leiria"]
[Date "2022.09.16"]
[Round "6"]
[White "Fidalgo, Andre Neves"]
[Black "Santos, Jose Guilherme B Li"]
[Result "0-1"]
[WhiteElo "2258"]
[BlackElo "2384"]
[PlyCount "78"]
[EventDate "2022.09.12"]
[EventType "tourn"]
[EventRounds "9"]
[EventCountry "POR"]
[EventCategory "4"]
[SourceTitle "CBM 210 Extra"]
[Source "ChessBase"]
[SourceDate "2022.11.30"]
[SourceVersion "1"]
[SourceVersionDate "2022.11.30"]
[SourceQuality "1"]

1. e4 c5 2. Nf3 d6 3. d4 cxd4 4. Nxd4 Nf6 5. Nc3 a6 6. Bg5 Nbd7 7. Bc4 e6 8. Qe2 b5 9. Bb3 Nc5 10. 0-0-0 Bd7 11. f4 b4 12. e5 bxc3 13. exf6 Nxb3+ 14. cxb3 gxf6 15. Bh4 cxb2+ 16. Kxb2 Be7 17. Rhe1 Qa5 18. f5 e5 19. Qh5 Rc8 20. Re2 d5 21. Qh6 Bb5 22. Rc2 Rxc2+ 23. Nxc2 d4 24. Bxf6 Qc3+ 25. Kb1 d3 26. Ne1 Qc6 27. Bg7 Qxh6 28. Bxh6 e4 29. g4 Kd7 30. Ng2 a5 31. a4 Bc6 32. Bd2 Rb8 33. Ka2 Bd5 34. Rb1 Bb4 35. Bxb4 Rxb4 36. Ka3 Kd6 37. Ne3 Ke5 38. Nxd5 Kxd5 39. Kb2 Kd4 0-1

[Event "POR-ch"]
[Site "Leiria"]
[Date "2022.09.13"]
[Round "2"]
[White "Fidalgo, Andre Neves"]
[Black "Martins, Bruno Andre Leite"]
[Result "0-1"]
[WhiteElo "2258"]
[BlackElo "2308"]
[PlyCount "100"]
[EventDate "2022.09.12"]
[EventType "tourn"]
[EventRounds "9"]
[EventCountry "POR"]
[EventCategory "4"]
[SourceTitle "CBM 210 Extra"]
[Source "ChessBase"]
[SourceDate "2022.11.30"]
[SourceVersion "1"]
[SourceVersionDate "2022.11.30"]
[SourceQuality "1"]

1. e4 e6 2. d4 d5 3. Nc3 Nf6 4. e5 Nfd7 5. f4 c5 6. Nf3 Nc6 7. Be3 a6 8. Qd2 b5 9. dxc5 Nxc5 10. 0-0-0 Be7 11. Kb1 Rb8 12. h4 0-0 13. h5 Qc7 14. Qe1 b4 15. Ne2 a5 16. Ned4 Nxd4 17. Nxd4 Bd7 18. Bd3 f6 19. Qh4 Nxd3 20. cxd3 Rbe8 21. Qg3 fxe5 22. fxe5 Rf7 23. Rhf1 Ref8 24. Rxf7 Rxf7 25. Rc1 Qb7 26. Bg5 Bf8 27. Qh3 Qb6 28. Be3 Bc5 29. Qg4 Qa7 30. Nc6 Bxc6 31. Bxc5 Qd7 32. Bd6 h6 33. Qd4 Bb5 34. Rc7 Qe8 35. Rc1 Rf5 36. a4 Bxa4 37. g4 Rf3 38. Qb6 Qb5 39. Qd8+ Kh7 40. g5 hxg5 41. Qxg5 Qxd3+ 42. Ka1 Qf5 43. Qg2 Rf2 44. Qg1 Be8 45. Bc7 b3 46. h6 gxh6 47. Bxa5 Rf4 48. Bb4 Rxb4 49. Rc4 Qf8 50. Rc7+ Kh8 0-1

[Event "Lisbon Portugal rapid op"]
[Site "Lisbon"]
[Date "2022.09.04"]
[Round "10"]
[White "Fidalgo, Andre Neves"]
[Black "Miranda, Amilcar Alfredo"]
[Result "1-0"]
[WhiteElo "2258"]
[BlackElo "1871"]
[PlyCount "69"]
[EventDate "2022.09.03"]
[EventType "swiss (rapid)"]
[EventRounds "11"]
[EventCountry "POR"]
[SourceTitle "CBM 210 Extra"]
[Source "ChessBase"]
[SourceDate "2022.11.30"]
[SourceVersion "1"]
[SourceVersionDate "2022.11.30"]
[SourceQuality "1"]

1. d4 d5 2. c4 c6 3. Nf3 Nf6 4. Qc2 dxc4 5. Qxc4 Nbd7 6. g3 Nb6 7. Qc2 Bg4 8. Be3 e6 9. Bg2 Nfd5 10. Bg5 f6 11. Bd2 Bd6 12. a3 0-0 13. 0-0 Rc8 14. e4 Nc7 15. Nc3 Kh8 16. Rad1 Re8 17. Bc1 Bf8 18. h3 Bh5 19. b3 a6 20. Bb2 Qe7 21. Ne2 Red8 22. Nf4 Bf7 23. Rfe1 Nd7 24. Nd3 e5 25. dxe5 Nxe5 26. Ndxe5 fxe5 27. a4 Qb4 28. Rxd8 Rxd8 29. Re3 Bc5 30. Nxe5 Bg8 31. Nd3 Rxd3 32. Rxd3 Qe1+ 33. Bf1 Qxe4 34. Qxc5 Bd5 35. Qf8+ 1-0

[Event "Lisbon Portugal rapid op"]
[Site "Lisbon"]
[Date "2022.09.03"]
[Round "6"]
[White "Fidalgo, Andre Neves"]
[Black "Alboredo, Julia"]
[Result "1/2-1/2"]
[WhiteElo "2258"]
[BlackElo "2263"]
[PlyCount "143"]
[EventDate "2022.09.03"]
[EventType "swiss (rapid)"]
[EventRounds "11"]
[EventCountry "POR"]
[SourceTitle "CBM 210 Extra"]
[Source "ChessBase"]
[SourceDate "2022.11.30"]
[SourceVersion "1"]
[SourceVersionDate "2022.11.30"]
[SourceQuality "1"]

1. d4 Nf6 2. c4 g6 3. g3 Bg7 4. Nc3 0-0 5. Bg2 d6 6. Nf3 c6 7. 0-0 Bf5 8. Nh4 Be6 9. b3 d5 10. cxd5 Nxd5 11. Nxd5 cxd5 12. Bb2 Nc6 13. Qd2 Qb6 14. Nf3 Bf5 15. Rac1 Rfd8 16. Bc3 a5 17. e3 Be4 18. Ne1 a4 19. Bxe4 dxe4 20. Rb1 axb3 21. Rxb3 Qa6 22. Nc2 Ne5 23. Kg2 Nf3 24. Qc1 Rac8 25. Nb4 Qb5 26. Qb1 Rxc3 27. Rxc3 Nd2 28. Rc5 Qa4 29. Qc2 Qxb4 30. Rd1 Nf3 31. Qxe4 b6 32. Rd5 Ne1+ 33. Kg1 Rc8 34. Qb1 Nc2 35. Qxb4 Nxb4 36. Rb5 Nxa2 37. Rxb6 Nc3 38. Re1 f5 39. Kg2 Ne4 40. Re2 Rc1 41. Rb7 Kf7 42. Ra2 Nd6 43. Rd7 g5 44. Raa7 Nc8 45. Rac7 Rxc7 46. Rxc7 Nd6 47. f3 Ke6 48. Rc5 h6 49. Kf1 f4 50. gxf4 gxf4 51. d5+ Ke5 52. Rc7 Bf6 53. e4 Nb5 54. Rc8 Nd4 55. Kg2 h5 56. Rg8 h4 57. Ra8 h3+ 58. Kxh3 Nxf3 59. Ra6 Kxe4 60. d6 exd6 61. Rxd6 Be5 62. Rd1 Ke3 63. Kg2 Nh4+ 64. Kh3 Nf3 65. Kg2 Bc3 66. Rf1 Ne5 67. h4 f3+ 68. Kh3 Kf4 69. h5 Kg5 70. Kg3 Kxh5 71. Rxf3 Nxf3 72. Kxf3 1/2-1/2

[Event "Lisbon Portugal rapid op"]
[Site "Lisbon"]
[Date "2022.09.03"]
[Round "1"]
[White "Fidalgo, Andre Neves"]
[Black "Nunes, Adelino Vitor"]
[Result "1-0"]
[WhiteElo "2258"]
[BlackElo "1434"]
[PlyCount "69"]
[EventDate "2022.09.03"]
[EventType "swiss (rapid)"]
[EventRounds "11"]
[EventCountry "POR"]
[SourceTitle "CBM 210 Extra"]
[Source "ChessBase"]
[SourceDate "2022.11.30"]
[SourceVersion "1"]
[SourceVersionDate "2022.11.30"]
[SourceQuality "1"]

1. d4 g6 2. c4 Bg7 3. Nc3 c6 4. g3 Nf6 5. Bg2 d6 6. Nf3 0-0 7. 0-0 Nbd7 8. e4 c5 9. d5 a5 10. h3 Rb8 11. Re1 b6 12. Nd2 Ba6 13. a4 Ne5 14. Bf1 h5 15. f4 Ned7 16. e5 dxe5 17. fxe5 Nh7 18. Nf3 f6 19. e6 Ne5 20. Bf4 Nxf3+ 21. Qxf3 Rc8 22. Rad1 g5 23. Bc1 Qd6 24. Kg2 h4 25. gxh4 gxh4 26. Bf4 Ng5 27. Qg4 Qd8 28. Bd3 Nh7 29. Bf5 Re8 30. Qg6 Ng5 31. Bxg5 fxg5 32. Qh7+ Kf8 33. Rf1 Bxc4 34. Bd3+ Bf6 35. Qf7# 1-0

[Event "POR-chT"]
[Site "Ovar"]
[Date "2022.07.21"]
[Round "8.3"]
[White "Santos, Luis M"]
[Black "Fidalgo, Andre Neves"]
[Result "1/2-1/2"]
[WhiteElo "2261"]
[BlackElo "2261"]
[PlyCount "25"]
[EventDate "2022.07.16"]
[EventType "team-tourn"]
[EventRounds "9"]
[EventCountry "POR"]
[SourceTitle "CBM 209 Extra"]
[Source "ChessBase"]
[SourceDate "2022.09.30"]
[SourceVersion "1"]
[SourceVersionDate "2022.09.30"]
[SourceQuality "1"]
[WhiteTeam "Sao Miguel"]
[BlackTeam "Estrelas S Joao de Brito"]
[WhiteTeamCountry "POR"]
[BlackTeamCountry "POR"]

1. Nf3 Nf6 2. c4 e6 3. d4 d5 4. Nc3 Be7 5. Bg5 0-0 6. e3 Nbd7 7. Rc1 h6 8. Bh4 c6 9. Bd3 dxc4 10. Bxc4 b5 11. Bd3 Bb7 12. 0-0 a6 13. Bxf6 1/2-1/2

[Event "Titled Tuesday intern op 12th Jul Late"]
[Site "Chess.com INT"]
[Date "2022.07.12"]
[Round "5"]
[White "Fidalgo, Andre Neves"]
[Black "Manukyan, Artyom"]
[Result "0-1"]
[WhiteElo "2261"]
[BlackElo "2140"]
[PlyCount "56"]
[EventDate "2022.07.12"]
[EventType "swiss (blitz)"]
[EventRounds "11"]
[EventCountry "USA"]
[SourceTitle "EXT 2023"]
[Source "ChessBase"]
[SourceDate "2022.10.05"]
[SourceVersion "1"]
[SourceVersionDate "2022.10.05"]
[SourceQuality "1"]

1. d4 Nf6 2. c4 c5 3. d5 b5 4. cxb5 a6 5. bxa6 g6 6. Nc3 Bg7 7. e4 d6 8. Nf3 Bxa6 9. Bxa6 Rxa6 10. 0-0 0-0 11. a4 Qb6 12. Nd2 Qb4 13. Qc2 Nbd7 14. Ra3 c4 15. Nb5 Rc8 16. Nb1 Ne5 17. Nd4 Qc5 18. Be3 Nfg4 19. Nf5 Nxe3 20. Nxe3 Nd3 21. b3 Bb2 22. Ra2 cxb3 23. Qxb3 Qd4 24. Nc2 Qc4 25. Qxc4 Rxc4 26. Ne3 Rcxa4 27. Rxa4 Rxa4 28. Nd2 Nc5 0-1

[Event "Titled Tuesday intern op 12th Jul Late"]
[Site "Chess.com INT"]
[Date "2022.07.12"]
[Round "11"]
[White "Fidalgo, Andre Neves"]
[Black "Martinez, Shawn"]
[Result "1-0"]
[WhiteElo "2261"]
[BlackElo "1881"]
[PlyCount "81"]
[EventDate "2022.07.12"]
[EventType "swiss (blitz)"]
[EventRounds "11"]
[EventCountry "USA"]
[SourceTitle "EXT 2023"]
[Source "ChessBase"]
[SourceDate "2022.10.05"]
[SourceVersion "1"]
[SourceVersionDate "2022.10.05"]
[SourceQuality "1"]

1. e4 c5 2. Nf3 e6 3. d4 cxd4 4. Nxd4 a6 5. c4 Nf6 6. Nc3 d6 7. Be2 Be7 8. 0-0 0-0 9. Be3 Bd7 10. f3 Nc6 11. Nc2 Rb8 12. a4 Qa5 13. Qd2 Rfc8 14. Rfd1 Ne5 15. b4 Qc7 16. Na3 b6 17. Rac1 Qb7 18. h3 Be8 19. f4 Ng6 20. Bf3 Bc6 21. Qd3 Nh4 22. b5 Nxf3+ 23. gxf3 Be8 24. Nc2 Nd7 25. Nb4 a5 26. Nc2 Nc5 27. Qe2 Nb3 28. Rb1 Nc5 29. Kh1 Bf6 30. Bd4 Qe7 31. Rg1 Bxd4 32. Nxd4 Qf6 33. Qe3 g6 34. f5 exf5 35. Nd5 Qe5 36. Nxf5 Bd7 37. Nfe7+ Kg7 38. Rg5 Qxg5 39. Qxg5 Ne6 40. Qf6+ Kf8 41. Qh8# 1-0

[Event "POR-ch Rapid"]
[Site "Viseu"]
[Date "2022.06.11"]
[Round "7"]
[White "Sousa, Andre Ventura"]
[Black "Fidalgo, Andre Neves"]
[Result "1-0"]
[WhiteElo "2420"]
[BlackElo "2261"]
[PlyCount "79"]
[EventDate "2022.06.10"]
[EventType "swiss (rapid)"]
[EventRounds "8"]
[EventCountry "POR"]
[SourceTitle "CBM 208 Extra"]
[Source "ChessBase"]
[SourceDate "2022.07.31"]
[SourceVersion "1"]
[SourceVersionDate "2022.07.31"]
[SourceQuality "1"]

1. e4 c5 2. Nf3 d6 3. Bb5+ Nd7 4. d4 cxd4 5. Qxd4 Ngf6 6. Nc3 a6 7. Bxd7+ Bxd7 8. Bg5 Bc6 9. 0-0-0 e5 10. Qd3 Qa5 11. Bxf6 gxf6 12. Kb1 Be7 13. Nh4 0-0-0 14. Nf5 Bf8 15. Nd5 Bxd5 16. Qxd5 Qxd5 17. Rxd5 Rg8 18. g3 Kd7 19. c4 Ke6 20. Rhd1 b6 21. a4 Be7 22. R1d3 a5 23. Rb5 Rb8 24. Ne3 Rgc8 25. Kc2 Rc5 26. b3 Rxb5 27. cxb5 Rc8+ 28. Kb2 h5 29. Nf5 Kd7 30. Ne3 Rc5 31. Nc4 Kc7 32. Kc3 Bf8 33. h4 f5 34. Rf3 f4 35. gxf4 exf4 36. Rxf4 Bg7+ 37. Kd3 f6 38. Ne3 f5 39. Nd5+ Kb7 40. Rxf5 1-0

[Event "Portuguese Masters"]
[Site "Gaia"]
[Date "2021.12.22"]
[Round "8"]
[White "Fidalgo, Andre Neves"]
[Black "Sismeiro, Miguel"]
[Result "1-0"]
[WhiteElo "2286"]
[BlackElo "2203"]
[PlyCount "45"]
[EventDate "2021.12.17"]
[EventType "tourn"]
[EventRounds "9"]
[EventCountry "POR"]
[EventCategory "1"]
[SourceTitle "CBM 205 Extra"]
[Source "ChessBase"]
[SourceDate "2022.01.31"]
[SourceVersion "1"]
[SourceVersionDate "2022.01.31"]
[SourceQuality "1"]

1. e4 Nf6 2. e5 Nd5 3. d4 d6 4. c4 Nb6 5. exd6 cxd6 6. Nc3 g6 7. Be3 Bg7 8. Rc1 0-0 9. Nf3 Bg4 10. h3 Bxf3 11. Qxf3 Nc6 12. Qd1 d5 13. c5 Nc4 14. Bxc4 dxc4 15. d5 Nb4 16. 0-0 Nd3 17. Rc2 Bxc3 18. Rxc3 Qxd5 19. b3 Qf5 20. Qc2 Ne5 21. Qxf5 gxf5 22. Bd4 Nc6 23. Rg3# 1-0

[Event "Portuguese Masters"]
[Site "Gaia"]
[Date "2021.12.20"]
[Round "5"]
[White "Fidalgo, Andre Neves"]
[Black "Silva, Pedro Gil Ferreira"]
[Result "1/2-1/2"]
[WhiteElo "2286"]
[BlackElo "2209"]
[PlyCount "39"]
[EventDate "2021.12.17"]
[EventType "tourn"]
[EventRounds "9"]
[EventCountry "POR"]
[EventCategory "1"]
[SourceTitle "CBM 205 Extra"]
[Source "ChessBase"]
[SourceDate "2022.01.31"]
[SourceVersion "1"]
[SourceVersionDate "2022.01.31"]
[SourceQuality "1"]

1. d4 e6 2. c4 b6 3. Nc3 Bb4 4. Qc2 f5 5. a3 Bxc3+ 6. Qxc3 Nf6 7. f3 Bb7 8. Nh3 0-0 9. e3 c5 10. Be2 Qe7 11. 0-0 d6 12. b3 Nbd7 13. Bb2 Rae8 14. Bd3 Nh5 15. dxc5 bxc5 16. Nf4 Nhf6 17. Ne2 Nh5 18. Nf4 Nhf6 19. Ne2 Nh5 20. Nf4 1/2-1/2

[Event "Portuguese Masters"]
[Site "Gaia"]
[Date "2021.12.18"]
[Round "2"]
[White "Dias, Paulo Jorge Guimara"]
[Black "Fidalgo, Andre Neves"]
[Result "1-0"]
[WhiteElo "2344"]
[BlackElo "2286"]
[PlyCount "59"]
[EventDate "2021.12.17"]
[EventType "tourn"]
[EventRounds "9"]
[EventCountry "POR"]
[EventCategory "1"]
[SourceTitle "CBM 205 Extra"]
[Source "ChessBase"]
[SourceDate "2022.01.31"]
[SourceVersion "1"]
[SourceVersionDate "2022.01.31"]
[SourceQuality "1"]

1. d4 Nf6 2. Nf3 g6 3. Bf4 Bg7 4. e3 0-0 5. Be2 d6 6. h3 Nbd7 7. 0-0 Qe8 8. Bh2 e5 9. c4 Qe7 10. Nc3 c6 11. b4 Ne8 12. Qb3 Nc7 13. Rfe1 Kh8 14. c5 dxc5 15. bxc5 f5 16. Rad1 h6 17. Bc4 b6 18. cxb6 axb6 19. a4 Rb8 20. d5 cxd5 21. Nxd5 Nxd5 22. Rxd5 Kh7 23. Qb5 Ra8 24. Red1 Nc5 25. Bxe5 Ba6 26. Qxb6 Nxa4 27. Qc6 Bb7 28. Rd7 Qxe5 29. Qxb7 Qb2 30. Rxg7+ 1-0

[Event "POR-ch"]
[Site "Evora"]
[Date "2021.09.13"]
[Round "7"]
[White "Fidalgo, Andre Neves"]
[Black "Sousa, Andre Ventura"]
[Result "1/2-1/2"]
[WhiteElo "2263"]
[BlackElo "2406"]
[PlyCount "105"]
[EventDate "2021.09.07"]
[EventType "tourn"]
[EventRounds "9"]
[EventCountry "POR"]
[EventCategory "4"]
[SourceTitle "CBM 204 Extra"]
[Source "ChessBase"]
[SourceDate "2021.11.30"]
[SourceVersion "1"]
[SourceVersionDate "2021.11.30"]
[SourceQuality "1"]

1. d4 Nf6 2. c4 e6 3. g3 Bb4+ 4. Nd2 0-0 5. Ngf3 Re8 6. Bg2 d5 7. 0-0 b6 8. a3 Bf8 9. b4 a5 10. b5 c5 11. Bb2 Bb7 12. e3 Nbd7 13. Rc1 Rc8 14. Qe2 Rc7 15. Rfd1 Qa8 16. Ne5 a4 17. f4 Rec8 18. Rf1 Ne8 19. f5 Nxe5 20. dxe5 exf5 21. Rxf5 Re7 22. cxd5 Bxd5 23. Nc4 Bxg2 24. Qxg2 Qxg2+ 25. Kxg2 Rd8 26. Nxb6 Rb7 27. Nxa4 Rxb5 28. Rf2 Nc7 29. Kf3 Ne6 30. h4 g6 31. Nc3 Rb3 32. Ne4 Nd4+ 33. Kg2 Rxe3 34. Nxc5 Nf5 35. Kh2 Nxg3 36. e6 Bxc5 37. exf7+ Kf8 38. Rxc5 Ne4 39. Rd5 Nxf2 40. Rxd8+ Kxf7 41. Rd7+ Re7 42. Rxe7+ Kxe7 43. Kg3 Ne4+ 44. Kf4 Nd6 45. a4 Kd7 46. Kg5 Kc6 47. Ba3 Nf5 48. h5 Kb6 49. Bb4 Ng7 50. h6 Nf5 51. Bd2 Ka6 52. Kf6 Nxh6 53. Bxh6 1/2-1/2

[Event "POR-ch"]
[Site "Evora"]
[Date "2021.09.11"]
[Round "5"]
[White "Fidalgo, Andre Neves"]
[Black "Martins, Bruno Andre Leite"]
[Result "0-1"]
[WhiteElo "2263"]
[BlackElo "2335"]
[PlyCount "82"]
[EventDate "2021.09.07"]
[EventType "tourn"]
[EventRounds "9"]
[EventCountry "POR"]
[EventCategory "4"]
[SourceTitle "CBM 204 Extra"]
[Source "ChessBase"]
[SourceDate "2021.11.30"]
[SourceVersion "1"]
[SourceVersionDate "2021.11.30"]
[SourceQuality "1"]

1. d4 e6 2. c4 b6 3. e4 Bb7 4. Bd3 Nc6 5. Ne2 Nb4 6. Nbc3 Nxd3+ 7. Qxd3 d6 8. 0-0 Nf6 9. d5 Be7 10. Nd4 Qd7 11. Re1 0-0 12. h3 Rfe8 13. b3 a6 14. Bd2 Bf8 15. Bg5 Be7 16. Be3 h6 17. Rac1 Bf8 18. Re2 b5 19. cxb5 exd5 20. exd5 Nxd5 21. Nxd5 Bxd5 22. Qf5 Be6 23. Nxe6 fxe6 24. Qg6 axb5 25. Bxh6 c5 26. Rce1 Qf7 27. Qg4 d5 28. Bf4 d4 29. Be5 Qf5 30. Rd1 Rad8 31. Bc7 Qxg4 32. hxg4 Rd5 33. Be5 Ra8 34. b4 d3 35. Re3 c4 36. Bc3 Ra3 37. Bd2 Rxa2 38. Bc3 Ra3 39. Be1 c3 40. Kf1 d2 41. Bxd2 Rxd2 0-1

[Event "POR-ch"]
[Site "Evora"]
[Date "2021.09.07"]
[Round "1"]
[White "Fidalgo, Andre Neves"]
[Black "Veiga, Jose Francisco RP"]
[Result "1/2-1/2"]
[WhiteElo "2263"]
[BlackElo "2369"]
[PlyCount "87"]
[EventDate "2021.09.07"]
[EventType "tourn"]
[EventRounds "9"]
[EventCountry "POR"]
[EventCategory "4"]
[SourceTitle "CBM 204 Extra"]
[Source "ChessBase"]
[SourceDate "2021.11.30"]
[SourceVersion "1"]
[SourceVersionDate "2021.11.30"]
[SourceQuality "1"]

1. d4 Nf6 2. c4 g6 3. g3 Bg7 4. Bg2 0-0 5. Nc3 d6 6. Nf3 c5 7. d5 e6 8. 0-0 exd5 9. cxd5 a6 10. a4 Nbd7 11. Bf4 Ne8 12. e4 Rb8 13. Qe2 Qe7 14. Rfe1 b6 15. h3 Bb7 16. Nd2 g5 17. Be3 Nc7 18. Nf3 h6 19. h4 f6 20. Bd2 b5 21. Nd1 Nb6 22. axb5 Nxb5 23. Ne3 Bc8 24. Qf1 g4 25. Nh2 h5 26. Qd3 Qe5 27. Rab1 f5 28. exf5 Bxf5 29. Nxf5 Qxf5 30. Qxf5 Rxf5 31. Be4 Rff8 32. Bg6 Nc4 33. Bf4 Bxb2 34. Bxh5 Nc3 35. Bh6 Rf6 36. Rxb2 Rxb2 37. Nxg4 Rxh6 38. Re8+ Kg7 39. Re7+ Kf8 40. Re8+ Kg7 41. Re7+ Kf8 42. Re8+ Kg7 43. Re7+ Kf8 44. Re8+ 1/2-1/2